| 000 | 01207nam0a2200313 4500 | ||
|---|---|---|---|
| 001 | RU\NLR\BIBL_A\011959480 | ||
| 005 | 20190411112730.0 | ||
| 010 |
_a978-5-91556-407-6 _9500 |
||
| 021 |
_aRU _bКН-П-19-010580 _9КН-П-19-0777 |
||
| 035 | _a(NLR Aleph) 011959480 | ||
| 035 | _a(RuMoRGB)009896328 | ||
| 090 |
_a11195523 _c11195523 |
||
| 100 | _a20190313d2018 u y0rusy50 ca | ||
| 101 | 0 | _arus | |
| 102 | _aRU | ||
| 105 | _ay z 000gy | ||
| 200 | 1 |
_aНебесная твердь _eстихотворения _fАлександр Рудыка |
|
| 210 |
_aБарнаул _cКолмогоров И. А. _d2018 |
||
| 215 |
_a79 с. _d18 |
||
| 320 | _aДр. кн. авт. на 4-й с. обл. | ||
| 327 | 1 | _aСодерж.: циклы: По закону любви; Раскованные строки; Листья цвета хурмы; Птицы воспоминаний: переводы с немецкого языка | |
| 686 | 2 | _aШ6(2=Р)8-5 | |
| 700 | 1 |
_aРудыка _bА. Н. _f1965- _gАлександр Николаевич |
|
| 942 | _cBOOK | ||
| 980 | _aNBR | ||
| 980 | _aNB | ||